[Event "XXIIè OPEN DEL CATALUNYA ESCAC"]
[Site "Casinet de Hostafrancs"]
[Date "2008.03.23"]
[Round "8.11"]
[White "Saiz Rodrigo, Josep Fernando"]
[Black "Alcaraz Lopez, Francesc"]
[Result "1-0"]
[WhiteElo "1977"]
[BlackElo "1909"]
[PlyCount "57"]
[EventDate "2008.03.16"]

1. e4 c5 2. Nc3 Nc6 3. f4 d6 4. Nf3 g6 5. Bb5 Bg7 6. Bxc6+ bxc6 7. d3 Nf6 8.
O-O O-O 9. Qe1 Qb6 10. Kh1 Ba6 11. Qh4 Rfe8 12. f5 c4 13. fxg6 fxg6 14. d4 Qa5
15. e5 dxe5 16. dxe5 Nd7 17. e6 Nf6 18. Bg5 Rab8 19. Rab1 Rbd8 20. Rbe1 Qb4 21.
Bc1 Qc5 22. Ng5 Qd4 23. Rf4 Qb6 24. Rxf6 exf6 25. Qxh7+ Kf8 26. e7+ Rxe7 27.
Rxe7 Kxe7 28. Qxg7+ Kd6 29. Bf4+ 1-0

[Event "XXIIè OPEN DEL CATALUNYA ESCAC"]
[Site "Casinet de Hostafrancs"]
[Date "2008.03.24"]
[Round "9.1"]
[White "Ruiz Mata, Oscar"]
[Black "Garcia Jimenez, Francisco J"]
[Result "1/2-1/2"]
[WhiteElo "2260"]
[BlackElo "2271"]
[PlyCount "36"]
[EventDate "2008.03.16"]

1. d4 c5 2. e3 d5 3. Nf3 Nc6 4. c3 e6 5. Bd3 Nf6 6. O-O Be7 7. Nbd2 O-O 8. Re1
Rb8 9. h3 Qc7 10. dxc5 Bxc5 11. e4 Rd8 12. exd5 exd5 13. Nb3 Bb6 14. Bg5 Qg3
15. Bh4 Qf4 16. Bg5 Qd6 17. Nbd4 Nxd4 18. Nxd4 Bd7 1/2-1/2

[Event "XXIIè OPEN DEL CATALUNYA ESCAC"]
[Site "Casinet de Hostafrancs"]
[Date "2008.03.24"]
[Round "9.2"]
[White "Mas Recorda, Pere"]
[Black "Capellades Subirana, Marc"]
[Result "0-1"]
[WhiteElo "1995"]
[BlackElo "2204"]
[PlyCount "62"]
[EventDate "2008.03.16"]

1. c4 Nf6 2. Nc3 d5 3. cxd5 Nxd5 4. g3 e5 5. Bg2 Nxc3 6. bxc3 c6 7. Nf3 Bd6 8.
O-O O-O 9. d3 f6 10. Qb3+ Kh8 11. Rb1 b6 12. Be3 Bb7 13. a4 Nd7 14. d4 e4 15.
Nd2 f5 16. Nc4 Bc7 17. Na5 Qc8 18. Nxb7 Qxb7 19. f4 Nf6 20. Bd2 Qc8 21. e3 Qe8
22. c4 Qh5 23. Qd1 Qh6 24. Qe2 Rad8 25. Rfc1 Rd7 26. Rb2 Rg8 27. Rbc2 g5 28. c5
gxf4 29. exf4 Ng4 30. Bf1 Rdg7 31. Be1 Bxf4 0-1

[Event "XXIIè OPEN DEL CATALUNYA ESCAC"]
[Site "Casinet de Hostafrancs"]
[Date "2008.03.24"]
[Round "9.3"]
[White "Martorell Aubanell, Adria"]
[Black "Burgos Figueroa, Carlos E"]
[Result "0-1"]
[WhiteElo "2028"]
[BlackElo "2239"]
[PlyCount "60"]
[EventDate "2008.03.16"]

1. e4 Nc6 2. d4 d5 3. e5 Bf5 4. Nf3 Nb4 5. Na3 c5 6. c3 Nc6 7. dxc5 e6 8. b4 a6
9. Qa4 Nge7 10. Bg5 h6 11. Bxe7 Bxe7 12. Nd4 O-O 13. Nxc6 bxc6 14. Qxc6 Qb8 15.
f4 Rc8 16. Qb6 Qxb6 17. cxb6 Rab8 18. b7 Rxc3 19. Nb1 Rc6 20. a3 a5 21. Kd2
axb4 22. Bd3 Bxd3 23. Kxd3 bxa3 24. Nxa3 Rxb7 25. Rab1 Ra7 26. Nc2 Rc4 27. g3
Ra2 28. Rhc1 g5 29. f5 exf5 30. Ne3 Ra3+ 0-1

[Event "XXIIè OPEN DEL CATALUNYA ESCAC"]
[Site "Casinet de Hostafrancs"]
[Date "2008.03.24"]
[Round "9.4"]
[White "Lacasta Palacios, Joaquim"]
[Black "Martin Grillo, Ruben"]
[Result "0-1"]
[WhiteElo "2146"]
[BlackElo "2221"]
[PlyCount "102"]
[EventDate "2008.03.16"]

1. g3 e5 2. c4 c6 3. d4 exd4 4. Qxd4 d5 5. Bg2 dxc4 6. Qxd8+ Kxd8 7. Nf3 Be7 8.
Nbd2 c3 9. bxc3 Na6 10. Nc4 Nc5 11. O-O Be6 12. Na5 Kc7 13. Nd4 Nf6 14. Bf4+
Bd6 15. Nxe6+ fxe6 16. Bxd6+ Kxd6 17. Rab1 Kc7 18. Rb2 Nd5 19. Rc1 Nb6 20. Nb3
Nba4 21. Rbc2 Rad8 22. Nd4 e5 23. Nf5 Rd7 24. h4 Rf8 25. Ne3 Rfd8 26. Kh2 e4
27. Bh3 Rf7 28. Kg2 g6 29. Rf1 Nb6 30. c4 h5 31. Kg1 Rd6 32. Ng2 Nbd7 33. Bxd7
Rfxd7 34. Nf4 Kd8 35. Kg2 Ke7 36. Rb1 Kf6 37. Rbb2 a5 38. Nh3 a4 39. a3 Rd1 40.
Rc3 Kf5 41. f3 R1d2 42. Rcc2 e3 43. Nf4 Nd3 44. Nxd3 R7xd3 45. Kh3 Rxc2 46.
Rxc2 Rd2 47. Rc3 Rxe2 48. c5 Ke5 49. Rc4 Kd5 50. Rxa4 Rf2 51. f4 e2 0-1

[Event "XXIIè OPEN DEL CATALUNYA ESCAC"]
[Site "Casinet de Hostafrancs"]
[Date "2008.03.24"]
[Round "9.6"]
[White "Fernandez Gonzalez, Julio Honor"]
[Black "Mila Tejera, Jordi"]
[Result "1/2-1/2"]
[WhiteElo "2082"]
[BlackElo "2011"]
[PlyCount "78"]
[EventDate "2008.03.16"]

1. Nf3 g6 2. d4 Bg7 3. c4 c5 4. d5 d6 5. Nc3 Bxc3+ 6. bxc3 f5 7. h4 Qa5 8. Qc2
Nf6 9. Rb1 Ne4 10. Bd2 Nd7 11. Ng5 Ndf6 12. Nxe4 fxe4 13. Rb5 Qa6 14. Bg5 Bf5
15. Qb2 b6 16. Bxf6 exf6 17. e3 Kf7 18. Be2 Rae8 19. Rb3 Qc8 20. a4 Bg4 21. a5
bxa5 22. O-O Bxe2 23. Qxe2 Qc7 24. Rfb1 Rb8 25. Qb2 Rxb3 26. Qxb3 Ke7 27. Qb5
Rc8 28. Kh2 f5 29. Kg3 Kf6 30. Qa4 Rb8 31. Rxb8 Qxb8 32. Qd7 a4 33. Qxa4 Qc7
34. Qe8 Kg7 35. Qc6 Qe7 36. Kh3 Kf7 37. Qa8 Kg7 38. g3 Qd7 39. Qc6 Qe7 1/2-1/2

[Event "XXIIè OPEN DEL CATALUNYA ESCAC"]
[Site "Casinet de Hostafrancs"]
[Date "2008.03.24"]
[Round "9.7"]
[White "Valbuena Castro, Gregorio"]
[Black "Roca Diaz, Miguel Angel"]
[Result "0-1"]
[WhiteElo "1868"]
[BlackElo "2109"]
[PlyCount "44"]
[EventDate "2008.03.16"]

1. e4 c6 2. Nc3 d5 3. Qf3 e6 4. e5 c5 5. Bb5+ Nc6 6. Bxc6+ bxc6 7. d3 Ne7 8.
Qg3 Nf5 9. Qf3 Ba6 10. Nge2 Qc7 11. Bf4 Be7 12. O-O g5 13. Bg3 h5 14. h3 O-O-O
15. Bh2 g4 16. hxg4 hxg4 17. Qxg4 Rh4 18. Qf3 Rdh8 19. Ng3 Rxh2 20. Rfe1 Nxg3
21. fxg3 R8h5 22. Qf4 Rh1+ 0-1

[Event "XXIIè OPEN DEL CATALUNYA ESCAC"]
[Site "Casinet de Hostafrancs"]
[Date "2008.03.24"]
[Round "9.8"]
[White "Fabregas Fontanet, Antonio"]
[Black "Severri Arrese, Carlos"]
[Result "0-1"]
[WhiteElo "2080"]
[BlackElo "2063"]
[PlyCount "74"]
[EventDate "2008.03.16"]

1. e4 e6 2. d4 d5 3. e5 c5 4. c3 Qb6 5. Nf3 Bd7 6. a4 Nc6 7. Be2 c4 8. O-O Na5
9. Nfd2 f5 10. exf6 Nxf6 11. Re1 Bd6 12. Na3 a6 13. Rb1 O-O 14. Bf3 Kh8 15. Be2
Rac8 16. g3 Be8 17. Bf1 Bh5 18. Be2 Bg6 19. Ra1 Rce8 20. Nc2 Ne4 21. Nxe4 Bxe4
22. Bh5 g6 23. Be2 Nb3 24. Rb1 Qc6 25. Bh6 Rf7 26. Rc1 Nxc1 27. Qxc1 Qxa4 28.
Ne3 Qd7 29. Ng4 Qc7 30. f4 Bf8 31. Bxf8 Rexf8 32. Ne5 Rg7 33. Bxc4 g5 34. fxg5
Qe7 35. h4 Rf5 36. Be2 Rxe5 37. dxe5 Qc5+ 0-1

[Event "XXIIè OPEN DEL CATALUNYA ESCAC"]
[Site "Casinet de Hostafrancs"]
[Date "2008.03.24"]
[Round "9.9"]
[White "Martin Sanchez, Enric"]
[Black "Saiz Rodrigo, Josep Fernando"]
[Result "0-1"]
[WhiteElo "2030"]
[BlackElo "1977"]
[PlyCount "48"]
[EventDate "2008.03.16"]

1. e4 c5 2. Nf3 d6 3. d4 cxd4 4. Nxd4 Nf6 5. Nc3 a6 6. Bg5 e6 7. f4 Be7 8. Qf3
Qc7 9. O-O-O Nbd7 10. Bd3 b5 11. Rhe1 Bb7 12. a3 Qb6 13. Nb3 Rc8 14. Qh3 Rxc3
15. bxc3 Qc7 16. Kb2 Nb6 17. e5 Na4+ 18. Kc1 dxe5 19. Bxf6 Bxf6 20. Bf1 Nxc3
21. Rd3 e4 22. Rxc3 Bxc3 23. Re3 Qxf4 24. Be2 O-O 0-1

[Event "XXIIè OPEN DEL CATALUNYA ESCAC"]
[Site "Casinet de Hostafrancs"]
[Date "2008.03.24"]
[Round "9.10"]
[White "Vargas Drechsler, Carlos"]
[Black "Julbe Canet, Josep"]
[Result "0-1"]
[WhiteElo "1940"]
[BlackElo "2095"]
[PlyCount "43"]
[EventDate "2008.03.16"]

1. d4 Nf6 2. c4 g6 3. Nc3 Bg7 4. e4 d6 5. Nf3 O-O 6. Be2 Nbd7 7. O-O c5 8. d5
a6 9. a3 h6 10. Bd2 Kh7 11. Ne1 Ng8 12. Nd3 Ne5 13. Nxe5 Bxe5 14. f4 Bd4+ 15.
Kh1 f5 16. Bd3 fxe4 17. Nxe4 Bf5 18. Qc2 Qd7 19. Ng3 b5 20. Nxf5 gxf5 21. g4 e6
22. dxe6 0-1

[Event "XXIIè OPEN DEL CATALUNYA ESCAC"]
[Site "Casinet de Hostafrancs"]
[Date "2008.03.24"]
[Round "9.11"]
[White "Bonay Toscas, Santiago"]
[Black "Campo Echevarria, Juan Francisco"]
[Result "1/2-1/2"]
[WhiteElo "1895"]
[BlackElo "2023"]
[PlyCount "34"]
[EventDate "2008.03.16"]

1. b3 d5 2. d4 Nf6 3. Bb2 Bf5 4. Nf3 e6 5. e3 Nbd7 6. Bd3 Bxd3 7. Qxd3 Be7 8.
Nbd2 O-O 9. O-O c5 10. c4 cxd4 11. exd4 dxc4 12. bxc4 b6 13. Rfd1 Rc8 14. Qb3
Qc7 15. Rac1 Rfd8 16. Ba3 Bxa3 17. Qxa3 h6 1/2-1/2